Biggest Religions - Statistics

General Stats
  • This quiz has been taken 248 times
  • The average score is 4 of 8
Answer Stats
Followers Religion % Correct
2.1 billion Christianity
99%
1.5 billlion Islam
97%
900 million Hinduism
85%
376 million Buddhism
84%
1.1 billion Atheist
32%
394 million Chinese traditional religion
17%
100 million African Traditional
9%
300 million Primal-indigenous
5%
No matching quizzes found
Score Distribution
Percent of People with Each Score
Percentile by Number Answered
Your Score History
You have not taken this quiz